MDQL
is popping MORE tags! Check the
thread
!
Quizzes
Events
Quiz Creation
Community
Videos
Private Events
Remove Ads
Sign In
Join for FREE
Feedback
Dark Mode
Quiz Categories
Sports
Geography
Music
Movies
Television
Just For Fun
Miscellaneous
History
Literature
Language
Science
Gaming
Entertainment
Religion
Holiday
For Kids
Quiz Lab
Recent
Popular Today
Quiz Kudos Today
Editor Picks
Curator Picks
Quizzes by...
Day
Popularity
Type
Ratings
Length
Year
Community
Subscriptions
Recent Discussions
Orange Saloon
Badges
Playlists
Quests
Create
Leaderboards
Showdown
Live 5
Trivia Bingo
Activity
Puzzle Library
Sporcle Events
Private Events
Virtual Trivia
Globe League
Become a Host
Pub Owners
SporcleCon
Opinionation
Our Games
Videos
Blog
Mobile Apps
Partnerships
Remove Ads and Go Orange
Feedback
Entertainment
Celebrity
Famous
Musical
Broadway
Show
Quote
Comic Books
Anime
Superhero
DC Comics
Marvel
Cartoons
Animation
Entertainment
Celebrity
Famous
Musical
Broadway
Show
Quote
Comic Books
Anime
Superhero
DC Comics
Marvel
Cartoons
Animation
Random Quiz
Search Sporcle
×
Quiz Lab
Quiz Lab
Entertainment
Animation
Type in answers that appear in a list
Type in answers that appear in a list
Classic
Best Score? Go Orange.
Marvel Animated: X-Men Stats
Can you name the Marvel Characters From The X-Men Animated Series (1992-1997)?
By
Sepa
20m
133 Questions
2,103 Plays
2,103 Plays
2,103 Plays
Comments
Comments
Give Quiz Kudos
Give Quiz Kudos
-
- Ratings
hide this ad
More Info
Replay
Link that replays current quiz
Next Quiz
Link to next quiz in quiz playlist
You Got
0%
They Got
Avg Score
66%
Avg Friend Score
Upgrade to see
Score Distribution
Jump to the score distribution portion of the page
Score
0/133
Timer
20:00
0
Plays Today
Team
X-Men Characters
% Correct
X-
Men & Allies
Wolverine
97.2%
Weapon X
Wolverine
97.2%
Hellfire Club
Hellfire Club Soldiers
96.7%
Hellfire Club
Dark Phoenix (Red Queen)
96.2%
X-
Men & Allies
Jean Grey (Phoenix)
96%
X-
Men & Allies
Cyclops
95.3%
Horsemen of the Apocalypse
Archangel (Death)
95.3%
X-
Men & Allies
Beast
94.9%
Acolytes
Magneto
94.9%
X-
Men & Allies
Professor X
94.5%
X-
Men & Allies
Rogue
94%
X-
Men & Allies
Angel (Archangel)
93.8%
X-
Men & Allies
Storm
92.8%
X-
Men & Allies
Iceman
92.3%
X-
Men & Allies
Gambit
91.2%
Weapon X
Sabretooth
90.3%
X-
Men & Allies
Colossus
90%
X-
Men & Allies
Jubilee
89.4%
Villains
Mystique
89.3%
Hellfire Club
Emma Frost (White Queen)
89.2%
Horsemen of the Apocalypse
Apocalypse
88.7%
X-
Factor (Government)
Havok
88.5%
X-
Men & Allies
Cable
88.3%
X-
Men & Allies
Nightcrawler
88%
X-
Men & Allies
Bishop (Earth-1191)
86.1%
Horsemen of the Apocalypse
Abraham Kieros (War)
85%
X-
Factor (Government)
Polaris
84.6%
Hellfire Club
Sebastian Shaw (Black King)
84.5%
Villains
Pyro
83.9%
Villains
Toad
83.8%
X-
Factor (Government)
Quicksilver
83.2%
Nasty Boys
Mister Sinister
82.7%
Villains
Juggernaut
82%
X-
Men & Allies
Banshee (Sean Cassidy)
81.9%
Villains
Blob
81.7%
X-
Factor (Government)
Forge
80.8%
Morlocks
Callisto
80.2%
X-
Men & Allies
Psylocke
80.1%
Alpha Flight
Northstar
78.5%
Alpha Flight
Sasquatch
78.2%
Villains
Avalanche
77.2%
X-
Men & Allies
Cannonball
77.1%
Alpha Flight
Guardian (James Hudson)
77%
Alpha Flight
Puck
77%
Alpha Flight
Heather Hudson (Vindicator)
77%
Team
X-Men Characters
% Correct
Villains
Sentinels
77%
Shi'ar Empire
Empress Lilandra
76.8%
Horsemen of the Apocalypse
Plague (Pestilence)
76.1%
Starjammers
Corsair
76%
X-
Men & Allies
Morph
75.8%
X-
Factor (Government)
Wolfsbane
75.7%
Alpha Flight
Aurora
75.3%
X-
Factor (Government)
Multiple Man
75.2%
Reavers
Lady Deathstrike
75.2%
X-
Men & Allies
Scarlet Witch
75%
Savage Land
Sauron
74.6%
Horsemen of the Apocalypse
Autumn Rolfson (Famine)
74.6%
X-
Men & Allies
Dazzler
74.5%
Morlocks
Leech
74.1%
Savage Land
Ka-Zar
73.2%
X-
Men & Allies
Sunfire
73.1%
X-
Factor (Government)
Strong Guy
71.9%
X-
Men & Allies
Longshot
71.3%
Shi'ar Empire
Gladiator (Kallark)
70.4%
Morlocks
Caliban
70.1%
Hellfire Club
Mastermind (Black Rook)
69.7%
X-
Men & Allies
Phoenix Force
69.5%
X-
Men & Allies
Captain America (Steve Rogers)
68.3%
Alpha Flight
Shaman
67.8%
Villains
Omega Red
67.7%
Alpha Flight
Snowbird
67.6%
Weapon X
Maverick
66.7%
X-
Men & Allies
Dr. Moira MacTaggert
66.6%
Hellfire Club
Donald Pierce (White Bishop)
66.2%
Villains
Mojo (Mojoverse)
66%
Starjammers
Hepzibah
65.5%
Hellfire Club
Selene Gallio (Black Queen)
65.4%
Villains
Bolivar Trask
64.2%
Shi'ar Empire
Deathbird
62.8%
Savage Land
Shanna the She-Devil
61.4%
Villains
Spiral
61.3%
Savage Land
Zabu
60.8%
Starjammers
Ch'od
60.8%
Acolytes
Fabian Cortez
60.6%
X-
Men & Allies
Boom Boom
60.6%
Savage Land
Vertigo
60.2%
Starjammers
Raza Longknife
59.4%
Villains
Master Mold
59.3%
Hellfire Club
Harry Leland (Black Bishop)
58.4%
Villains
Senator Robert Kelly
58.3%
Team
X-Men Characters
% Correct
Weapon X
Silver Fox
57.9%
Villains
Nimrod (Earth-811)
57.1%
X-
Men & Allies
Warlock
55.3%
Villains
Silver Samurai
55.2%
Villains
Black Tom Cassidy
54.4%
Villains
Shadow King (Amahl Farouk)
52.7%
Villains
Proteus
51.4%
Villains
Graydon Creed
49.8%
X-
Men & Allies
Shard (Earth-1191)
48.8%
Nasty Boys
Gorgeous George
47.9%
Villains
Brood (alien insects)
47.2%
Villains
Brood Queen
47.2%
Villains
Peter 'Henry' Gyrich
47.2%
Shi'ar Empire
Eric the Red
47.1%
X-
Men & Allies
Ms. Marvel (Carol Danvers)
46.6%
Savage Land
Amphibius
46.2%
Morlocks
Masque
45.2%
X-
Men & Allies
Firefist
44.6%
Villains
Cameron Hodge
44.6%
Morlocks
Plague
44.6%
Acolytes
Frenzy
44.5%
X-
Men & Allies
Skids
44.3%
Savage Land
Brainchild
43.6%
Reavers
Bonebreaker
43.4%
Nasty Boys
Hairbag
43.1%
Nasty Boys
Ruckus
43.1%
Acolytes
Amelia Voght
42.4%
Villains
Trevor Fitzroy (Earth-1191)
41.9%
Villains
Phalanx
41.9%
Morlocks
Sunder
41.7%
Nasty Boys
Slab
40.6%
Morlocks
Ape
40.3%
Reavers
Pretty Boy
40.2%
Villains
Red Skull (Johann Shmidt)
39.3%
Morlocks
Erg
39.1%
Savage Land
Barbarus
37%
Acolytes
Unuscione
35.9%
Villains
Purple Man
35.3%
Villains
High Evolutionary
34.9%
Reavers
Cole
33.3%
Reavers
Reese
32.5%
Reavers
Skullbuster
31.2%
Weapon X
Professor Truett Thorton
25.3%
Quiz Playlist
Details
Report
Send in Message
Add To Playlist
More Info:
FOR MORE MARVEL UNIVERSE QUIZES CLICK ON MY USERNAME. LESSER KNOWN CHARACTERS & CHARACTERS WITH CAMEO'S ARE LISTED AS HIDDEN ANSWERS.
Classic:
Type in answers that appear in a list
Quiz Source
Last Updated: Dec 20, 2021
Quiz Scoreboard
CHALLENGE
Sign Up to Join the Scoreboard
Show All
Scores
Hide
Comments
May contain spoilers
Recently Published
Image Sorting: Flags VI
by Barbecue
Geography
2m
Find the 'City' Movie
by crazypaving
Movies
60s
Colored Red Africa Blitz
by spor1
Geography
45s
More to Explore
Quiz From the Vault
Featured Blog Post
14 Easter Pick-up Lines to Find Eggs With
hide this ad
You Might Also Like...
Tags
Animation Quiz
Marvel Quiz
Animated Series
Character
Marvel Characters
team
X-Men
Today's Top Quizzes in Entertainment
Browse Entertainment
hide this ad
Today's Top Quizzes in Animation
Browse Animation
Top Contributed Quizzes in Entertainment
1
Marvel Classic Character Map
2
Dragon Ball Z: Goku's Fights in Order
3
Marvel Characters Bunker
4
JoJo's Bizarre Logic Quiz
5
Harry Styles-Are you no.1 fan
6
Sorting Pictures: Villains
7
This is Your Life: Edward Elric
8
Celebrity Spelling Bee
9
This is Your Life: Itachi Uchiha
10
BOYS PLANET Quiz
Explore More
Trending Topics
NBA
Anime
Crossword
Kpop
Marvel
Disney
Harry Potter
Puzzle
The Office
Song
Pokémon
Soccer
Country
WWE
NFL
hide this ad
More By:
Sepa
Quiz
Plays
Rating
Category
Featured
Created
Marvel Characters (A-Z)
218,227
4.22
Entertainment
May 5, 2011
Marvel: Most Published Characters 1-100
181,461
4.44
Entertainment
May 1, 2010
NBA Double-Double Averages (2000-2010)
146,213
4.30
Sports
Dec 1, 2010
DC Comics: Most Published Characters 1-100
93,406
3.97
Entertainment
Jan 3, 2011
1970s World History
91,164
4.23
History
Feb 3, 2010
Go to Creator's Profile
Score Distribution
Quiz Creator Spotlight
Sepa
Follow
Send a Message
Quizzes Created
-
Created Quiz Play Count
-
More By This Creator
Popular Quizzes Today
1
Colored Red Africa Blitz
2
Find the US States - No Outlines Minefield
3
Find the 'City' Movie
4
5x2 Blitz: Bands
5
The Countries of the World
6
Find the US States
7
Find the Countries of Europe - No Outlines Minefield
8
US States
More Entertainment Quizzes
Dragon Ball Z: 'D' Characters
Quiz Lab
Trending Quizzes
Colored Red Europe Blitz I
Colored Red Europe Blitz II
Colored Red Africa Blitz II
Colored Red Europe Blitz III
Colored Red Africa Blitz III
Recently Updated
How Do You Spell That?
pecheneg
Godzilla Movies
pecheneg
Grab Bag: 4-10 Letters
pecheneg
2024 March Madness Bracket
pecheneg
Famous TV Couples
Peacemaker
Champions League XIs: Real Madrid
pecheneg
Largest US Cities 1790-2010
pecheneg
Rides in Walt Disney World
pecheneg
Most Oscar Losses (Acting)
pecheneg
Beyoncé Albums
pecheneg
Trending Topics
Kpop
Harry Potter
NBA
Disney
Marvel
Crossword
Anime
WWE
Country
NFL
Soccer
Song
Pokémon
The Office
Puzzle
Your Account Isn't Verified!
In order to create a playlist on Sporcle, you need to verify the email address you used during registration. Go to your
Sporcle Settings
to finish the process.
Report this User
Report this user for behavior that violates our
Community Guidelines
.
Details:
Send Report
Go to the Sporcle.com Mobile Site →
Comments